The noble scholar, jurist, historian


 His Excellency Dr. Abdul Wahhab bin Ibrahim Abu Sulaiman, may Allah have mercy on him.


 He was born in Umm Al-Qura in the year 1356 AH.

شرح تعليم المتعلم للإمام العالم العلامة الحبر البحر الفهامة ذي المقام الجليل الشيخ إبراهيم بن إسماعيل على الرسالة، المسماة، بتعليم المتعلم طريق التعلم لسيد زمانه وعلامة أوانه الشيخ الإمام برهان الإسلام الزونوجي. (Record no. 14199)

MARC details
000 -LEADER
fixed length control field 01781cam a22003131i 4500
003 - CONTROL NUMBER IDENTIFIER
control field SA-RiAUC
005 - DATE AND TIME OF LATEST TRANSACTION
control field 20260127140737.0
008 - FIXED-LENGTH DATA ELEMENTS--GENERAL INFORMATION
fixed length control field 260105s1931____ua g 000 0 ara c
040 ## - CATALOGING SOURCE
Original cataloging agency SA-MaUQU
Language of cataloging ara
Transcribing agency SA-RiAUC
Description conventions rda
082 04 - DEWEY DECIMAL CLASSIFICATION NUMBER
Classification number 214.0012
Assigning agency SA-RiAUC
090 ## - LOCALLY ASSIGNED LC-TYPE CALL NUMBER (OCLC); LOCAL CALL NUMBER (RLIN)
Classification number (OCLC) (R) ; Classification number, CALL (RLIN) (NR) م ن 214.0012
Local cutter number (OCLC) ; Book number/undivided call number, CALL (RLIN) ا ب ن ا
100 1# - MAIN ENTRY--PERSONAL NAME
Personal name ابن إسماعيل، إبراهيم،
Dates associated with a name توفي بعد 996 هجري
Relator term مؤلف.
245 10 - TITLE STATEMENT
Title شرح تعليم المتعلم للإمام العالم العلامة الحبر البحر الفهامة ذي المقام الجليل الشيخ إبراهيم بن إسماعيل على الرسالة، المسماة، بتعليم المتعلم طريق التعلم لسيد زمانه وعلامة أوانه الشيخ الإمام برهان الإسلام الزونوجي.
246 33 - VARYING FORM OF TITLE
Title proper/short title تعليم المتعلم إلى طريق التعلم للشيخ الزرنوجي
250 ## - EDITION STATEMENT
Edition statement الطبعة الأولى.
264 #1 - PRODUCTION, PUBLICATION, DISTRIBUTION, MANUFACTURE, AND COPYRIGHT NOTICE
Place of production, publication, distribution, manufacture القاهرة :
Name of producer, publisher, distributor, manufacturer [الناشر غير محدد]،
Date of production, publication, distribution, manufacture, or copyright notice 1931
264 #3 - PRODUCTION, PUBLICATION, DISTRIBUTION, MANUFACTURE, AND COPYRIGHT NOTICE
Place of production, publication, distribution, manufacture [مكان الطبع غير محدد]
Name of producer, publisher, distributor, manufacturer المطبعة الخيرية
300 ## - PHYSICAL DESCRIPTION
Extent 52 صفحة ؛
Dimensions 28 سم
336 ## - CONTENT TYPE
Content type term نص
Content type code txt
Source rdacontent
Materials specified كتاب
337 ## - MEDIA TYPE
Media type term بدون وسيط
Media type code n
Source rdamedia
338 ## - CARRIER TYPE
Carrier type term مجلد
Carrier type code nc
Source rdacarrier
500 ## - GENERAL NOTE
General note بهامشه المتن وهو الرسالة المسماه بتعليم المتعلم
650 #7 - SUBJECT ADDED ENTRY--TOPICAL TERM
Topical term or geographic name entry element الإسلام والعلوم
Source of heading or term aucsh
650 #7 - SUBJECT ADDED ENTRY--TOPICAL TERM
Topical term or geographic name entry element آداب طالب العلم
Source of heading or term aucsh
650 #7 - SUBJECT ADDED ENTRY--TOPICAL TERM
Topical term or geographic name entry element التربية الإسلامية
Source of heading or term aucsh
700 12 - ADDED ENTRY--PERSONAL NAME
Relationship information شرح لـ (عمل) :
Personal name الزرنوجي، إبراهيم،
Dates associated with a name توفي حوالي 610 هجري.
Title of a work تعليم المتعلم طريق التعلم.
942 ## - ADDED ENTRY ELEMENTS (KOHA)
Source of classification or shelving scheme Dewey Decimal Classification
Koha item type كتاب مصور نادر
Suppress in OPAC No
949 ## - LOCAL PROCESSING INFORMATION (OCLC)
a SA-JeALM
d 260105
u mohamedma123
n 1
Holdings
Withdrawn status Lost status Source of classification or shelving scheme Damaged status Not for loan Home library Current library Date acquired Total checkouts Full call number Barcode Date last seen Price effective from Koha item type
    Dewey Decimal Classification     DR AbdElwahab Library DR AbdElwahab Library 01/27/2026   م ن 214.0012 ا ب ن ا 000022659 01/27/2026 01/27/2026 كتاب مصور نادر